000 00511nam a2200169Ia 4500
003 GCL
008 140319s9999 xx 000 0 ara d
040 _aGCL /
_cGCL
082 0 4 _a813.03
_bص ب
100 1 _aصنع الله ابراهيم
245 1 0 _aبيروت بيروت:?رواية /
_cصنع الله ابراهيم
300 _a266 ص
490 _aالهيئة العامة للاستعلامات
_v0
650 0 4 _aالادب العربى
650 0 4 _aالقصص العربية
942 _2ddc
_cBK
999 _c46785
_d46785